| 000 | 01192nam a22004097a 4500 | ||
|---|---|---|---|
| 005 | 20230821152841.0 | ||
| 008 | 190329b2016 xxu||||| |||| 00| 0 spa d | ||
| 020 | _a9789968481205 | ||
| 041 | _aESP | ||
| 082 | _a174.937.2 R969e | ||
| 100 |
_aRodríguez Ramírez, Carlos Alberto _953170 |
||
| 245 | _aÉtica profesional docente | ||
| 260 | _aCosta Rica | ||
| 260 | _bEUNED | ||
| 260 | _c2016 | ||
| 300 | _a226 páginas | ||
| 650 | _aCOSTA RICA | ||
| 650 | _aÉTICA PROFESIONAL | ||
| 650 |
_aFORMACIÓN PROFESIONAL DE MAESTROS _953172 |
||
| 650 |
_aPERSONAL DOCENTE _944732 |
||
| 650 | _aEDUCACIÓN | ||
| 650 |
_aCÓDIGOS DE ÉTICA _953173 |
||
| 650 |
_aEVOLUCIÓN PEDAGÓGICA _953174 |
||
| 650 |
_aTEORÍAS ÉTICAS _953175 |
||
| 650 |
_aRELATIVISMO _948631 |
||
| 650 |
_aDEONTOLOGÍA _927960 |
||
| 650 |
_aTELEOLOGÍA _953176 |
||
| 650 | _aVALORES | ||
| 650 |
_aEDUCACIÓN FORMAL _923108 |
||
| 650 |
_aEDUCACIÓN MORAL _97078 |
||
| 650 |
_aLEY FUNDAMENTAL DE EDUCACIÓN COSTARRICENSE _953177 |
||
| 650 |
_aESTRUCTURA CURRICULAR _953178 |
||
| 650 |
_aRETOS ÉTICO-DOCENTES _953179 |
||
| 650 | _aBIOÉTICA | ||
| 650 |
_aÉTICA MEDIOAMBIENTAL _953180 |
||
| 942 | _cBK | ||
| 999 |
_c11823 _d11823 |
||